| 000 | 00000nam##2200000za#4500 |
| 001 | 9.604141 |
| 003 | CaOODSP |
| 005 | 20210624211425 |
| 007 | cr ||||||||||| |
| 008 | 150406|2003||||xxc|||||o f|0| 0 fre|d |
| 022 | |a1701-5421 |
| 040 | |aCaOODSP|bfre |
| 043 | |an-cn--- |
| 086 | 1 |aFA1-2003/2-9F-PDF |
| 110 | 1 |aCanada. |bBureau du vérificateur général. |
| 245 | 10|aRapport de la vérificatrice générale du Canada à la Chambre des communes. Chapitre 2, : |h[ressource électronique]|bLa reddition de comptes et l'éthique au gouvernement |
| 260 | |aOttawa - Ontario : |bBureau du vérificateur général du Canada |
| 300 | |a32p. |
| 490 | 1 |aRapport de la vérificatrice générale du Canada à la Chambre des communes|x1701-5421|vNovembre 2003 |
| 500 | |aLe n° de catalogue (FA1-2003/2-9F) et l'ISBN (0-662-75125-6) de l'édition imprimée ont été incorrectement copiés dans l'édition électronique. |
| 590 | |a12-34-Supp|b2012-07-31 |
| 775 | 08|tReport of the Auditor General of Canada to the House of Commons. Chapter 2, : |w(CaOODSP)9.574344 |
| 830 | #0|aRapport de la vérificatrice générale du Canada à la Chambre des communes,|x1701-5421|vNovembre 2003|w(CaOODSP)9.502618 |
| 856 | 40|ahttp://publications.gc.ca|qPDF|s402 Ko|uhttps://publications.gc.ca/collections/collection_2012/bvg-oag/FA1-2003-2-9-fra.pdf|yNovembre 2003 |